| 000 | 00404nam a2200169 i 4500 | ||
|---|---|---|---|
| 001 | bg | ||
| 100 | 1 | _aKERAWNOU, E. T. | |
| 245 | 0 |
_aCompetent expert system / _cE.T. Kerawnou, L. Johnson. |
|
| 260 |
_aNew York, _c1986. |
||
| 650 | 9 | _aSystemy ekspertowe | |
| 700 | 1 | _aJOHNSON, L. | |
| 040 | _cBPK | ||
| 041 | _apol | ||
| 080 | _a004.891 | ||
| 942 | _cKS | ||
| 008 | s pl f |000 0 pol | ||
| 999 |
_c29602 _d29602 |
||
| 856 |
_uhttp://koha.tu.koszalin.pl/cgi-bin/koha/opac-detail.pl?biblionumber=29602 _yKatalog online BPK |
||